[Event "Shah Alam Challenger"]
[Site "Shah Alam"]
[Date "2016.01.24"]
[Round "5"]
[White "Abdul Rahim, Mohd Dzuhairy"]
[Black "Chin, Shun Yi"]
[Result "1-0"]
[WhiteElo "1547"]
[BlackElo "1477"]
[PlyCount "127"]
[EventDate "2016.01.23"]
[EventType "swiss"]
[EventRounds "9"]
[EventCountry "MAS"]
[SourceTitle "EXT 2017"]
[Source "ChessBase"]
[SourceDate "2016.10.25"]
[SourceVersion "1"]
[SourceVersionDate "2016.10.25"]
[SourceQuality "1"]

1. d4 d5 2. c4 c6 3. Nf3 Nf6 4. g3 Bf5 5. Bg2 e6 6. 0-0 Bd6 7. Bg5 Nbd7 8. Nc3 0-0 9. Re1 h6 10. Bxf6 Nxf6 11. Nd2 Bg6 12. e4 dxe4 13. Ndxe4 Nxe4 14. Nxe4 Bc7 15. Nc3 Qf6 16. d5 Bb6 17. Qf3 Qd4 18. dxc6 bxc6 19. Rad1 Qc5 20. b3 Ba5 21. Na4 Qg5 22. h4 Qh5 23. Re3 Qxf3 24. Bxf3 Rad8 25. Rxd8 Rxd8 26. Bxc6 Rd1+ 27. Kg2 Rd2 28. a3 Bc2 29. b4 Bc7 30. Nc3 g5 31. hxg5 hxg5 32. Nb5 Bb8 33. Nc3 Rd6 34. Be4 Bxe4+ 35. Nxe4 Rd4 36. c5 Rc4 37. Nxg5 Bc7 38. Rf3 a5 39. Rxf7 Bd8 40. Rg7+ Kxg7 41. Nxe6+ Kf6 42. Nxd8 a4 43. Nb7 Rc3 44. f4 Rxa3 45. c6 Rc3 46. Nc5 Rc2+ 47. Kh3 a3 48. c7 a2 49. c8Q a1Q 50. Ne4+ Kg6 51. Qxc2 Qh1+ 52. Qh2 Qxe4 53. Qg2 Qe6+ 54. Kh2 Qc4 55. Qb2 Qd5 56. Qc2+ Kh6 57. Qg2 Qc4 58. Qh3+ Kg7 59. Qg4+ Kf7 60. Qf5+ Kg7 61. Qe5+ Kf7 62. Qh5+ Ke7 63. Qc5+ Qxc5 64. bxc5 1-0

[Event "Shah Alam Challenger"]
[Site "Shah Alam"]
[Date "2016.01.23"]
[Round "2"]
[White "Yeop, Mat Zaki"]
[Black "Abdul Rahim, Mohd Dzuhairy"]
[Result "1-0"]
[WhiteElo "1652"]
[BlackElo "1547"]
[PlyCount "79"]
[EventDate "2016.01.23"]
[EventType "swiss"]
[EventRounds "9"]
[EventCountry "MAS"]
[SourceTitle "EXT 2017"]
[Source "ChessBase"]
[SourceDate "2016.10.25"]
[SourceVersion "1"]
[SourceVersionDate "2016.10.25"]
[SourceQuality "1"]

1. d4 Nf6 2. e3 e6 3. b3 Bb4+ 4. c3 Be7 5. Bb2 0-0 6. Nd2 d5 7. Bd3 c5 8. f4 Nfd7 9. Ngf3 Nc6 10. 0-0 a6 11. Ne5 f5 12. Rf3 Ndxe5 13. fxe5 b5 14. c4 Rb8 15. Rb1 dxc4 16. bxc4 cxd4 17. exd4 Nxd4 18. Rh3 Bc5 19. Kh1 Qg5 20. Nf3 Nxf3 21. Rxf3 Bb7 22. Rg3 Qh4 23. Qe1 Qe7 24. cxb5 axb5 25. Bc2 f4 26. Rh3 Bxg2+ 27. Kxg2 Qg5+ 28. Kh1 Qg4 29. Qh4 Qe2 30. Bxh7+ Kf7 31. Qxf4+ Ke7 32. Qg5+ Kd7 33. Rd3+ Kc6 34. Qg2+ Qxg2+ 35. Kxg2 Rf2+ 36. Kg3 Rh8 37. Be4+ Kb6 38. h3 Rhf8 39. Rf3 R2xf3+ 40. Bxf3 1-0